| 000 | 00541nam a2200169 4500 | ||
|---|---|---|---|
| 001 | 144705 | ||
| 003 | ES-MaACL | ||
| 005 | 20230906201059.0 | ||
| 007 | t| | ||
| 008 | 070214s1979 sp r ||||1| spa d | ||
| 100 | 1 |
_aSkillman, John Joakim. _9106743 |
|
| 245 | 1 | 0 |
_aCuidados intensivos / _cJohn Joakim Skillman ; [traducción por Emilio Gelpi Monteys]. |
| 260 |
_aBarcelona [etc.] : _bSalvat, _c1979 ( _fAisa) |
||
| 300 |
_aXIX, 568 p. : _bil. ; _c24 cm. |
||
| 700 | 1 |
_aMonteys, Emilio Gepi. _982621 |
|
| 852 |
_aES-MaACL _jA-8809 _bR.100169 |
||
| 999 |
_c144705 _d144705 |
||